[Event "Berlin Lichtenberger Sommer 3th"]
[Site "Berlin"]
[Date "2004.08.17"]
[Round "4.77"]
[White "Pfeiffer, Joerg"]
[Black "Majewski, Dennis"]
[Result "1/2-1/2"]
[WhiteElo "1637"]
[BlackElo "1431"]
[PlyCount "52"]
[EventDate "2004.08.14"]
[EventType "swiss"]
[EventRounds "9"]
[EventCountry "GER"]
[SourceTitle "EXT 2022"]
[Source "ChessBase"]
[SourceDate "2021.10.06"]
[SourceVersion "1"]
[SourceVersionDate "2021.10.06"]
[SourceQuality "1"]

1. e4 e5 2. Nf3 Nc6 3. Bb5 a6 4. Ba4 Nf6 5. 0-0 b5 6. Bb3 Be7 7. Re1 Bb7 8. c3 0-0 9. d4 d6 10. Nbd2 Re8 11. Nf1 Nd7 12. Ng3 Na5 13. Bc2 c5 14. d5 Nc4 15. b3 Ncb6 16. Nf5 a5 17. Be3 b4 18. c4 Ra7 19. h3 Qa8 20. a4 bxa3 21. Rxa3 a4 22. Qa1 Ra6 23. Bd3 axb3 24. Rxa6 Qxa6 25. Nd2 Na4 26. Nxb3 Bf8 1/2-1/2

[Event "Berlin op 04"]
[Site "Berlin"]
[Date "2004.04.10"]
[Round "1"]
[White "Welz, Peter"]
[Black "Pfeiffer, Joerg"]
[Result "1-0"]
[WhiteElo "2077"]
[BlackElo "1613"]
[PlyCount "67"]
[EventDate "2004.04.10"]
[EventType "swiss"]
[EventRounds "9"]
[EventCountry "GER"]
[SourceTitle "EXT 2007"]
[Source "ChessBase"]
[SourceDate "2006.11.23"]
[SourceVersion "1"]
[SourceVersionDate "2006.11.23"]
[SourceQuality "1"]

1. e4 c5 2. Nc3 Nc6 3. g3 g6 4. Bg2 Bg7 5. d3 d6 6. Be3 Rb8 7. a4 e6 8. Qd2 Nd4 9. f4 Ne7 10. Nh3 0-0 11. 0-0 b6 12. Ra3 a6 13. Nd1 Bb7 14. c3 Ndc6 15. g4 f5 16. gxf5 exf5 17. Qf2 fxe4 18. dxe4 d5 19. Ng5 Bc8 20. exd5 Nxd5 21. Qf3 Nxe3 22. Nxe3 Ne7 23. Raa1 Qc7 24. Rad1 h6 25. Ne4 Bb7 26. Qg3 Rbd8 27. Rxd8 Rxd8 28. Qg4 Kh7 29. f5 gxf5 30. Nxf5 Nxf5 31. Qxf5+ Kh8 32. Nf6 Bxf6 33. Qxf6+ Kh7 34. Qf7+ 1-0

[Event "Berlin op 10"]
[Site "Berlin"]
[Date "2003.11.10"]
[Round "5"]
[White "Pfeiffer, Joerg"]
[Black "Mylich, Falk"]
[Result "0-1"]
[WhiteElo "1671"]
[BlackElo "1849"]
[PlyCount "72"]
[EventDate "2003.10.13"]
[EventType "swiss"]
[EventRounds "7"]
[EventCountry "GER"]
[SourceTitle "EXT 2007"]
[Source "ChessBase"]
[SourceDate "2006.11.23"]
[SourceVersion "1"]
[SourceVersionDate "2006.11.23"]
[SourceQuality "1"]

1. e4 c5 2. Nf3 d6 3. d4 cxd4 4. Nxd4 Nf6 5. Nc3 a6 6. Be2 e6 7. 0-0 Be7 8. f4 Qc7 9. Be3 0-0 10. g4 Nc6 11. g5 Nxd4 12. Bxd4 Nd7 13. Bd3 Rd8 14. Qh5 g6 15. Qh4 Bf8 16. f5 Ne5 17. f6 b5 18. Bxe5 dxe5 19. Kh1 Bb7 20. Rf3 b4 21. Rh3 h5 22. Ne2 Bc5 23. Rf1 Qb6 24. Rhf3 Kh7 25. Qe1 a5 26. Rh3 Ba6 27. Bxa6 Rxa6 28. Ng3 Rh8 29. Rf3 Qd8 30. Nxh5 gxh5 31. Rxh5+ Kg8 32. Rxh8+ Kxh8 33. Qh4+ Kg8 34. Rd3 Rd6 35. Qh6 Qf8 36. Qh3 Qa8 0-1

[Event "Berlin Eckbauer op 5th"]
[Site "Berlin"]
[Date "2002.10.14"]
[Round "2"]
[White "Fischer, Manfred"]
[Black "Pfeiffer, Joerg"]
[Result "0-1"]
[WhiteElo "1338"]
[BlackElo "1630"]
[PlyCount "110"]
[EventDate "2002.10.??"]
[EventType "swiss"]
[EventRounds "7"]
[EventCountry "GER"]
[SourceTitle "EXT 2005"]
[Source "ChessBase"]
[SourceDate "2004.11.15"]
[SourceVersion "1"]
[SourceVersionDate "2004.11.15"]
[SourceQuality "1"]

1. e4 c5 2. Nf3 Nc6 3. d4 cxd4 4. Nxd4 Nf6 5. Nc3 e5 6. Ndb5 d6 7. Be2 a6 8. Na3 b5 9. Bg5 b4 10. Bxf6 gxf6 11. Qd5 Qc7 12. Nc4 Be6 13. Qd2 bxc3 14. bxc3 Na5 15. Nb2 Rb8 16. Nd1 Nc4 17. Qc1 Bg7 18. 0-0 0-0 19. Kh1 Kh8 20. a3 a5 21. Re1 f5 22. Bxc4 Qxc4 23. exf5 Bxf5 24. Ne3 Qc8 25. c4 Be6 26. Rd1 Rd8 27. Rb1 Rxb1 28. Qxb1 Qb8 29. Qb5 Qxb5 30. cxb5 Bf8 31. b6 Be7 32. Nd5 Bxd5 33. Rxd5 Rb8 34. Rb5 d5 35. g3 Bxa3 36. Rxa5 Bb2 37. Rb5 Bd4 38. Kg2 Rxb6 39. Rxd5 Rb2 40. Rd8+ Kg7 41. Rc8 Ra2 42. Kf3 Ra3+ 43. Ke2 Rc3 44. Rxc3 Bxc3 45. Kd3 Bd4 46. f4 f5 47. c3 Bg1 48. h3 h6 49. g4 Kg6 50. c4 Bc5 51. gxf5+ Kxf5 52. Ke2 Kxf4 53. h4 Ba7 54. Kf1 Kf3 55. Ke1 e4 0-1

[Event "Berlin op 08"]
[Site "Berlin"]
[Date "2002.08.24"]
[Round "8"]
[White "Pfeiffer, Joerg"]
[Black "Berger, Gerd Helmar"]
[Result "0-1"]
[WhiteElo "1660"]
[BlackElo "1936"]
[PlyCount "67"]
[EventDate "2002.08.17"]
[EventType "swiss"]
[EventRounds "9"]
[EventCountry "GER"]
[SourceTitle "EXT 2007"]
[Source "ChessBase"]
[SourceDate "2006.11.23"]
[SourceVersion "1"]
[SourceVersionDate "2006.11.23"]
[SourceQuality "1"]

1. e4 c5 2. Nf3 Nc6 3. d4 cxd4 4. Nxd4 Nf6 5. Nc3 d6 6. Be2 e5 7. Nb3 Be7 8. 0-0 0-0 9. Be3 a5 10. a4 Nb4 11. f4 Be6 12. Kh1 Qc7 13. Rc1 b6 14. Nb5 Qc6 15. c3 Na6 16. Nd2 Rfd8 17. Bf3 Nc5 18. Qe1 Nd3 19. Qg3 Nxc1 20. Rxc1 Nd7 21. f5 Bc4 22. Nxc4 Qxc4 23. Bh6 g6 24. b3 Qxb3 25. h4 Bf8 26. Bg5 Rdc8 27. h5 Nc5 28. hxg6 fxg6 29. fxg6 hxg6 30. Bf6 Qf7 31. Qh4 Qh7 32. Rd1 Qxh4+ 33. Bxh4 Nxa4 34. Nxd6 0-1

[Event "Berlin op 08"]
[Site "Berlin"]
[Date "2002.08.22"]
[Round "6"]
[White "Pfeiffer, Joerg"]
[Black "Hesselbarth, Karlheinz"]
[Result "1/2-1/2"]
[WhiteElo "1660"]
[BlackElo "1787"]
[PlyCount "47"]
[EventDate "2002.08.17"]
[EventType "swiss"]
[EventRounds "9"]
[EventCountry "GER"]
[SourceTitle "EXT 2007"]
[Source "ChessBase"]
[SourceDate "2006.11.23"]
[SourceVersion "1"]
[SourceVersionDate "2006.11.23"]
[SourceQuality "1"]

1. e4 e5 2. Nf3 Nc6 3. Bb5 a6 4. Ba4 d6 5. 0-0 Bd7 6. c3 Nge7 7. Re1 Ng6 8. d4 Be7 9. Nbd2 0-0 10. Nf1 b5 11. Bb3 Na5 12. Bc2 c5 13. d5 Qc7 14. b3 Nb7 15. Ng3 a5 16. c4 b4 17. Nf5 Qd8 18. Be3 Bf6 19. Qd2 Re8 20. h3 Nf4 21. a4 Bxf5 22. exf5 g5 23. Be4 Kh8 24. Rad1 1/2-1/2

[Event "Berlin Kreuzberg op 3th"]
[Site "Berlin"]
[Date "2002.07.14"]
[Round "9"]
[White "Pfeiffer, Joerg"]
[Black "Zoellner, Rainer"]
[Result "1-0"]
[WhiteElo "1646"]
[BlackElo "1798"]
[PlyCount "33"]
[EventDate "2002.07.06"]
[EventType "swiss"]
[EventRounds "9"]
[EventCountry "GER"]
[SourceTitle "EXT 2022"]
[Source "ChessBase"]
[SourceDate "2021.10.06"]
[SourceVersion "1"]
[SourceVersionDate "2021.10.06"]
[SourceQuality "1"]

1. e4 e6 2. d4 d5 3. Nd2 Nf6 4. e5 Nfd7 5. Bd3 c5 6. c3 Nc6 7. Ne2 cxd4 8. cxd4 Qb6 9. Nf3 f6 10. exf6 Nxf6 11. 0-0 Bd6 12. Nc3 0-0 13. h3 a6 14. Be3 Bd7 15. a3 Rfe8 16. Ng5 Rad8 17. Rc1 1-0

[Event "Berlin Kreuzberg op 3th"]
[Site "Berlin"]
[Date "2002.07.11"]
[Round "6"]
[White "Pfeiffer, Joerg"]
[Black "Kuehn, Bodo"]
[Result "1/2-1/2"]
[WhiteElo "1646"]
[BlackElo "1611"]
[PlyCount "58"]
[EventDate "2002.07.06"]
[EventType "swiss"]
[EventRounds "9"]
[EventCountry "GER"]
[SourceTitle "EXT 2022"]
[Source "ChessBase"]
[SourceDate "2021.10.06"]
[SourceVersion "1"]
[SourceVersionDate "2021.10.06"]
[SourceQuality "1"]

1. e4 c5 2. Nf3 Nf6 3. Nc3 Nc6 4. d4 d5 5. exd5 Nxd5 6. Bb5 Nxc3 7. bxc3 e6 8. 0-0 Bd7 9. d5 exd5 10. Qxd5 Be7 11. Rd1 a6 12. Bd3 Qc7 13. Bf4 Qxf4 14. Re1 0-0-0 15. Rxe7 Nxe7 16. Qxc5+ Nc6 17. Rb1 Qc7 18. Qa3 Nb8 19. Nd4 Bc6 20. Nxc6 Qxc6 21. Bf1 Rd7 22. g3 Qd6 23. Qb3 f5 24. Bg2 Nc6 25. Qb6 Rhd8 26. Bf3 g5 27. h3 Qc7 28. Qc5 Qe5 29. Qc4 Qc7 1/2-1/2

[Event "Berlin Kreuzberg op 3th"]
[Site "Berlin"]
[Date "2002.07.07"]
[Round "2"]
[White "Pfeiffer, Joerg"]
[Black "Hoffmann, Rainer1111"]
[Result "0-1"]
[WhiteElo "1646"]
[BlackElo "2163"]
[PlyCount "66"]
[EventDate "2002.07.06"]
[EventType "swiss"]
[EventRounds "9"]
[EventCountry "GER"]
[SourceTitle "EXT 2022"]
[Source "ChessBase"]
[SourceDate "2021.10.06"]
[SourceVersion "1"]
[SourceVersionDate "2021.10.06"]
[SourceQuality "1"]

1. e4 c5 2. Nf3 d6 3. d4 cxd4 4. Nxd4 Nf6 5. Nc3 Nc6 6. Be2 e6 7. 0-0 Be7 8. Be3 0-0 9. f4 Re8 10. Qe1 Bd7 11. Rd1 a6 12. Qg3 Rc8 13. e5 Nd5 14. Nxd5 exd5 15. Bd3 Bh4 16. Qf3 dxe5 17. fxe5 Nxe5 18. Qxd5 Bg4 19. Qb3 Bxd1 20. Rxd1 Nxd3 21. Qxd3 Bf6 22. c3 Qd5 23. Bc1 Rcd8 24. Qg3 Qe4 25. Rf1 Bxd4+ 26. cxd4 Qxd4+ 27. Kh1 Qc4 28. Qf3 Qd5 29. Qg4 Rd6 30. h3 Rg6 31. Rd1 Qc6 32. Qf3 Qxf3 33. gxf3 h6 0-1

[Event "Berlin Eckbauer op 4th"]
[Site "Berlin"]
[Date "2001.11.12"]
[Round "7"]
[White "Kautz, Stefan"]
[Black "Pfeiffer, Joerg"]
[Result "1-0"]
[WhiteElo "1863"]
[BlackElo "1591"]
[PlyCount "61"]
[EventDate "2001.10.??"]
[EventType "swiss"]
[EventRounds "7"]
[EventCountry "GER"]
[SourceTitle "EXT 2005"]
[Source "ChessBase"]
[SourceDate "2004.11.15"]
[SourceVersion "1"]
[SourceVersionDate "2004.11.15"]
[SourceQuality "1"]

1. d4 Nf6 2. Nf3 e6 3. Bg5 d5 4. h3 c5 5. e3 Be7 6. Bd3 0-0 7. c3 Nbd7 8. Nbd2 b6 9. Bf4 Bb7 10. 0-0 Re8 11. b3 cxd4 12. cxd4 Ba3 13. Qe2 Qc8 14. Nb1 Bf8 15. Qb2 Ne4 16. Rc1 Qd8 17. Rc7 e5 18. Rxb7 exf4 19. exf4 Nd6 20. Rxd7 Qxd7 21. Ne5 Qb7 22. Nc3 f6 23. Ng4 Ne4 24. Nxd5 Kh8 25. Nge3 Rac8 26. Qe2 Nc3 27. Qh5 g6 28. Bxg6 Nxd5 29. Nxd5 Red8 30. Nxf6 Qc6 31. Qxh7# 1-0

[Event "Berlin Eckbauer op 4th"]
[Site "Berlin"]
[Date "2001.10.01"]
[Round "1"]
[White "Pfeiffer, Joerg"]
[Black "Krause, Clemens"]
[Result "0-1"]
[WhiteElo "1591"]
[BlackElo "2028"]
[PlyCount "72"]
[EventDate "2001.10.??"]
[EventType "swiss"]
[EventRounds "7"]
[EventCountry "GER"]
[SourceTitle "EXT 2005"]
[Source "ChessBase"]
[SourceDate "2004.11.15"]
[SourceVersion "1"]
[SourceVersionDate "2004.11.15"]
[SourceQuality "1"]

1. e4 c5 2. Nf3 Nc6 3. d4 cxd4 4. Nxd4 Nf6 5. Nc3 e6 6. Be2 Bb4 7. 0-0 Bxc3 8. bxc3 Nxe4 9. Nxc6 dxc6 10. Qxd8+ Kxd8 11. Rd1+ Ke8 12. Bb2 Bd7 13. Rd4 Nf6 14. Rad1 c5 15. Rd6 b6 16. Bf3 Rd8 17. c4 Ke7 18. Be5 Ba4 19. Rxd8 Rxd8 20. Rxd8 Kxd8 21. c3 Ne8 22. Be4 f6 23. Bg3 h6 24. Kf1 e5 25. Bd5 Kd7 26. f4 exf4 27. Bxf4 Bc6 28. Bxc6+ Kxc6 29. Ke2 Nd6 30. Kd3 g5 31. Bc1 Kd7 32. h4 Ke6 33. hxg5 fxg5 34. Be3 Kf5 35. Bf2 Nf7 36. Ke3 Ne5 0-1

[Event "Kreuzberg 2000"]
[Site "Berlin"]
[Date "2000.07.24"]
[Round "3"]
[White "Pfeiffer, Joerg"]
[Black "Mylich, Falk"]
[Result "1/2-1/2"]
[WhiteElo "1643"]
[BlackElo "1798"]
[PlyCount "96"]
[EventDate "2000.07.??"]
[EventType "swiss"]
[EventRounds "9"]
[EventCountry "GER"]
[SourceTitle "EXT 2001"]
[Source "ChessBase"]
[SourceDate "2000.11.22"]
[SourceVersion "1"]
[SourceVersionDate "2000.11.22"]
[SourceQuality "1"]

1. e4 c5 2. Nf3 d6 3. d4 cxd4 4. Nxd4 Nf6 5. Nc3 a6 6. Be2 e6 7. 0-0 Be7 8. Be3 0-0 9. f4 Qc7 10. g4 b5 11. g5 Nfd7 12. Bd3 b4 13. Nce2 Nc6 14. Ng3 Nxd4 15. Bxd4 Re8 16. Qh5 g6 17. Qh4 e5 18. fxe5 Nxe5 19. Bxe5 dxe5 20. Rf3 Bc5+ 21. Kg2 Bd4 22. Raf1 Be6 23. b3 Re7 24. Nh1 Qc8 25. Nf2 Raa7 26. Nd1 Rec7 27. Ne3 Bxe3 28. Rxe3 a5 29. Ref3 a4 30. Rf6 axb3 31. axb3 Ra2 32. R1f2 Qd7 33. Bc4 Bxc4 34. bxc4 Qe8 35. Qh3 Raa7 36. Qb3 Rcb7 37. Kf1 Qc8 38. Qf3 Qd8 39. Kg2 Qd4 40. Kg3 Qxc4 41. Kg2 Qd4 42. h4 Qb2 43. Rd6 Rb8 44. Qf6 Rf8 45. Rd8 Qc3 46. Rxf8+ Kxf8 47. Qd8+ Kg7 48. Qf6+ Kg8 1/2-1/2

[Event "Kreuzberg 2000"]
[Site "Berlin"]
[Date "2000.07.22"]
[Round "1"]
[White "Pfeiffer, Joerg"]
[Black "Nguyen Luu, Truong Son"]
[Result "0-1"]
[WhiteElo "1643"]
[BlackElo "2052"]
[PlyCount "72"]
[EventDate "2000.07.??"]
[EventType "swiss"]
[EventRounds "9"]
[EventCountry "GER"]
[SourceTitle "EXT 2001"]
[Source "ChessBase"]
[SourceDate "2000.11.22"]
[SourceVersion "1"]
[SourceVersionDate "2000.11.22"]
[SourceQuality "1"]

1. e4 c5 2. Nf3 e6 3. d4 cxd4 4. Nxd4 a6 5. Nc3 Qc7 6. Be2 Nf6 7. 0-0 Be7 8. f4 d6 9. Be3 Nbd7 10. a4 b6 11. Bf3 Bb7 12. Qe1 0-0 13. Qg3 Nc5 14. e5 Nce4 15. Nxe4 Nxe4 16. Bxe4 Bxe4 17. f5 exf5 18. Nxf5 Bxf5 19. Rxf5 dxe5 20. Bh6 Bc5+ 21. Kh1 f6 22. Raf1 Kh8 23. Bc1 Rad8 24. c3 Qd7 25. h4 g6 26. Rxf6 Rxf6 27. Qxe5 Qg7 28. Rxf6 Rd1+ 29. Kh2 Bd6 30. Bf4 Bxe5 31. Bxe5 Kg8 32. Re6 Qd7 33. Rxb6 Qxa4 34. Bd4 Qe8 35. b4 Qe4 36. Rxa6 Qxh4# 0-1